| 000 | 00556nam a22001817a 4500 | ||
|---|---|---|---|
| 999 |
_c168879 _d168879 |
||
| 005 | 20191030161219.0 | ||
| 010 | _aENG-126741 | ||
| 020 |
_a9789352967834 _c150.00 |
||
| 035 | _aEN-110273 | ||
| 037 | _bDBAD/PUB | ||
| 082 | _a881 | ||
| 100 | _aBansal, Ishika | ||
| 245 |
_aMy diary and other poems / _cby Ishika Bansal |
||
| 260 |
_aNew Delhi _bDiamond Pocket books _c2019 |
||
| 270 |
_aX-30, Okhla Industrial Area, Phase-II _bNew Delhi _e110020 _k011-40712200 _msales@dpb.in |
||
| 300 |
_a85p. _c20cm(pbk) |
||
| 942 |
_2ddc _cEN _h881 _mBAN |
||